| 000 | 01010cam a2200277 a 4500 | ||
|---|---|---|---|
| 001 | 11977253 | ||
| 003 | ARRUPE | ||
| 005 | 20211102111904.0 | ||
| 008 | 000417r19981996enk b 001 0 eng | ||
| 010 | _a 00303929 | ||
| 020 | _a0349109265 | ||
| 040 |
_aDLC _cDLC _dDLC |
||
| 050 | 0 | 0 |
_aQ175 _b.H794 1998 |
| 082 | 0 | 0 |
_a501 _221 |
| 100 | 1 |
_aHorgan, John, _d1953- _950915 |
|
| 245 | 1 | 4 |
_aThe end of science : _bfacing the limits of knowledge in the twilight of the scientific age / _cJohn Horgan. |
| 260 |
_aLondon : _bAbacus, _c1998. |
||
| 300 |
_ax, 324 p. ; _c20 cm. |
||
| 500 | _aOriginally published: Reading, Mass. : Addison-Wesley Pub., c1996. | ||
| 504 | _aIncludes bibliographical references and index. | ||
| 650 | 0 |
_aScience _xPhilosophy. |
|
| 650 | 0 |
_aScience _xHistory. |
|
| 906 |
_a7 _bcbc _corignew _d3 _encip _f20 _gy-gencatlg |
||
| 942 |
_2lcc _cMONOGRAPH |
||
| 999 |
_c131078 _d131078 |
||